000 nam a22 7a 4500
999 _c8590
_d8590
008 180118b ||||| |||| 00| 0 eng d
100 _aSoni. A
_94970
245 _aOpening New Windows
260 _aNew Delhi
_bjeevan Publication
_c2008